• 首页
  • 本馆介绍
  • 公告通知
  • 最新文献
  • 馆藏检索
  • 电子资源
  • 读者导购
  • 参考咨询
  • 我的图书馆
  • 登录
  • 详细信息显示
  • 放入我的书架
  • 预约/预借图书
  • 作者相关作品
  • 分类相关作品
  • 丛书相关作品
  • 出版社相关作品

书目信息

  • 表格格式
  • 工作单格式
  • 卡片格式
题名:
工业企业财务管理
    
 
作者: 王庆成 编
分册:  
出版信息: 北京   中国人民大学出版社  1981
页数: 353页
开本: 21cm
丛书名:
单 册:
中图分类: F425.72
科图分类:
主题词: 工业企业管理:财务管理 , 财务管理:工业企业管理
电子资源:
ISBN:
000 00690nam0 2200241 45
001 0181007232
005 20070721153006.36
010    @dCNY1.25
091    @aCN@b4011.416
100    @a19950301d1981 em y0chiy0121 ea
101 0  @achi
102    @aCN@b110000
105    @ay z 000yy
200 10 @a工业企业财务管理@Agong ye qi ye cai wu guan li@f王庆成等编@Fwang qing cheng deng bian
210    @a北京@c中国人民大学出版社@d1981
215    @a353页@d21cm
606    @a工业企业管理:财务管理
606    @a财务管理:工业企业管理
690    @aF425.72@v3
701  0 @a王庆成@Awang qing cheng@4编
801  0 @aCN@bTSSF@c20070721
801  2 @aCN@bNLC@c20060426
905    @a10447@dF425.72@e15
    
    工业企业财务管理/王庆成等编.-北京:中国人民大学出版社,1981
    353页;21cm
    
    
    ISBN :CNY1.25
    
●
相关链接 在E读中查询图书 在五车中查询图书 在当当中查询图书 在豆瓣中查询图书


正题名:工业企业财务管理     索取号:F425.72/15         预约/预借

序号 登录号 条形码 馆藏地/架位号 状态 备注
1 0057566   202289969   密集书库/ [索取号:F425.72/15] 在馆    
2 0769352   207693520   密集书库/ [索取号:F425.72/15] 在馆    
唐山师范学院图书馆 欢迎您!
大连网信软件有限公司© 版权所有